00443nam a2200157 a 450000100100000000500170001000800410002702000180006804000250008610000240011124500500013526000390018530000210022449000200024583000200026500004301520201002040556.0140217s2003 xxuac 000 0 spa d a9780316955102 aDO-SdBNPbspacBNPHU1 aWouk, Hermand1915-10aThe caine mutiny :ba novel of word war II /. aNew York :bBack bay books,c2003. a537 p. ;c21 cm.1 aA back bay book 0aA back bay book